| 000 | 00902nas a2200277 4500 | ||
|---|---|---|---|
| 001 | BR0603674 | ||
| 003 | BR-BrBNA | ||
| 005 | 20231205110244.0 | ||
| 007 | ta | ||
| 008 | 230509b bl.|||p| |||| 00| 00por d | ||
| 040 |
_aBR-BrBNA _bpor _cBiblioteca Nacional de Agricultura |
||
| 041 | _a(Pt) | ||
| 072 | _aF08; L02 | ||
| 100 | 1 | _aAndrade, C.M.S. de | |
| 100 | 1 | _aValentim, J.F. | |
| 100 | 1 | _aPereira, O.G. | |
| 245 | 1 | _aGrazing management strategies for massaigrass-forage peanut pastures: 2: Productivity, utilization and sward structure | |
| 650 | _aCAPIM COLONIÃO | ||
| 650 | _aLEGUMINOSA FORRAGEIRA | ||
| 650 | _aPASTEJO ROTATIVO | ||
| 650 | _aPRODUTIVIDADE | ||
| 650 | _aMORFOLOGIA VEGETAL | ||
| 773 | 0 |
_tRevista Brasileira de Zootecnia (Brazil) _xISSN 1516-3598 _g(Mar-Apr 2006), v. 35(2) p. 343-351 _wBR0603674 |
|
| 909 |
_a202311 _bLúcia _c55 _dLúcia Elande |
||
| 942 |
_2AGRIS _n0 _cANA |
||
| 999 |
_c186707 _d186707 |
||